Journal of kolkata socitey for asian studies (Record no. 214743)

MARC details
000 -LEADER
fixed length control field 00426nam a2200121 4500
005 - DATE AND TIME OF LATEST TRANSACTION
control field 20260209120853.0
008 - FIXED-LENGTH DATA ELEMENTS--GENERAL INFORMATION
fixed length control field 260209b |||||||| |||| 00| 0 eng d
022 ## - INTERNATIONAL STANDARD SERIAL NUMBER
International Standard Serial Number 2454-5694
245 ## - TITLE STATEMENT
Title Journal of kolkata socitey for asian studies
Remainder of title An international bilingual journal of social science
Statement of responsibility, etc edited by Ranjan Ray
260 ## - PUBLICATION, DISTRIBUTION, ETC. (IMPRINT)
Place of publication, distribution, etc kolkata
Name of publisher, distributor, etc Kolkata Society for Asian Studies
Date of publication, distribution, etc 2025
300 ## - PHYSICAL DESCRIPTION
Extent Vol.11.NO.02
942 ## - ADDED ENTRY ELEMENTS (KOHA)
Source of classification or shelving scheme Dewey Decimal Classification
Item type Periodicals
Call number suffix KOL
Holdings
Withdrawn status Lost status Source of classification or shelving scheme Damaged status Not for loan Collection code Home library Current library Shelving location Date acquired Source of acquisition Cost, normal purchase price Total Checkouts Full call number Date last seen Copy number Cost, replacement price Price effective from Koha item type
    Dewey Decimal Classification   Not For Loan Non-fiction D.B.Act.Division D.B.Act.Division On Display 09/02/2026 DBAD 600.00   KOL 09/02/2026 1 600.00 09/02/2026 Periodicals

© Delhi Public Library
Hit Counter
free hit counter